[Event "Mercosur Cup 4th"]
[Site "Vicente Lopez"]
[Date "2001.06.28"]
[Round "5"]
[White "Rodriguez Vila, Andres"]
[Black "Matsuura, Everaldo"]
[Result "1/2-1/2"]
[WhiteElo "2500"]
[BlackElo "2467"]
[PlyCount "139"]
[EventDate "2001.06.23"]
[EventType "tourn"]
[EventRounds "9"]
[EventCountry "ARG"]
[EventCategory "8"]
[SourceTitle "EXT 2002"]
[Source "ChessBase"]
[SourceDate "2001.11.25"]
[SourceVersion "1"]
[SourceVersionDate "2001.11.25"]
[SourceQuality "1"]

1. e4 c5 2. Nc3 Nc6 3. f4 g6 4. Nf3 Bg7 5. g3 d6 6. d3 e5 7. Bg2 Nge7 8. O-O
O-O 9. Bd2 exf4 10. gxf4 f5 11. Kh1 Kh8 12. Qe1 Nd4 13. Nxd4 cxd4 14. Ne2 Bd7
15. c3 Nc6 16. b4 dxc3 17. Bxc3 Bxc3 18. Qxc3+ Qf6 19. Qxf6+ Rxf6 20. Rab1 fxe4
21. dxe4 Raf8 22. h3 Be6 23. b5 Na5 24. Rfe1 b6 25. a4 Bc4 26. e5 dxe5 27. fxe5
Rf2 28. Nd4 Rd2 29. Rbd1 Rxd1 30. Rxd1 Rd8 31. Rd2 Be6 32. Bf1 Bc4 33. Bg2 Be6
34. Bf1 Kg8 35. Kh2 Bc4 36. Bg2 Be6 37. Bf1 Bc4 38. Bg2 Bf7 39. Bf1 Rd5 40. Nf3
Rxd2+ 41. Nxd2 Nb3 42. Ne4 Nd4 43. Kg3 Bb3 44. Nd6 Bxa4 45. Bc4+ Kf8 46. Kf4
Ke7 47. Nc8+ Kd7 48. Nxa7 Ne6+ 49. Ke3 g5 50. Bd3 h5 51. Bf5 Ke7 52. Bd3 Kd7
53. Bf5 Ke7 54. Be4 Nc7 55. Bd3 Ke6 56. Ke4 Bb3 57. Be2 Bd5+ 58. Kd4 Bg2 59.
Bxh5 Bxh3 60. Be2 g4 61. Ke4 g3 62. Bc4+ Kd7 63. Kf3 g2 64. Kf2 Be6 65. Bd3 Bd5
66. Bf5+ Be6 67. Be4 Bc4 68. Kxg2 Bxb5 69. Bf5+ Kd8 70. Nxb5 1/2-1/2

[Event "Mercosur Cup 4th"]
[Site "Vicente Lopez"]
[Date "2001.06.29"]
[Round "6"]
[White "Limp, Eduardo Thelio"]
[Black "Rodriguez Vila, Andres"]
[Result "0-1"]
[WhiteElo "2465"]
[BlackElo "2500"]
[PlyCount "110"]
[EventDate "2001.06.23"]
[EventType "tourn"]
[EventRounds "9"]
[EventCountry "ARG"]
[EventCategory "8"]
[SourceTitle "EXT 2002"]
[Source "ChessBase"]
[SourceDate "2001.11.25"]
[SourceVersion "1"]
[SourceVersionDate "2001.11.25"]
[SourceQuality "1"]

1. d4 f5 2. Nf3 Nf6 3. c3 g6 4. g3 Bg7 5. Qb3 Nc6 6. Bg2 e6 7. Bg5 O-O 8. Nbd2
h6 9. Bxf6 Qxf6 10. e4 fxe4 11. Nxe4 Qf5 12. Nh4 Qf7 13. O-O g5 14. Nf3 Qf5 15.
Rae1 b6 16. Re3 Ba6 17. Rfe1 d5 18. Ned2 g4 19. Rxe6 Na5 20. Qa4 gxf3 21. Nxf3
Bb7 22. Re7 Bc6 23. Qd1 Bf6 24. R7e6 Bd7 25. R6e2 c6 26. b3 Nb7 27. Qd2 Qg6 28.
Ne5 Bxe5 29. Rxe5 Rae8 30. f4 Nd6 31. Kf2 Bf5 32. Rxe8 Rxe8 33. Re5 Be4 34. Bf1
Rf8 35. Qe2 Bf5 36. Kg1 Bg4 37. Qd2 Qb1 38. Re1 Ne4 39. Qf2 Nxf2 40. Rxb1 Ne4
41. Rc1 Nd2 42. Bd3 Re8 43. Kf2 Kg7 44. Rc2 Nf3 45. Rc1 Nd2 46. Rc2 Ne4+ 47.
Kg2 Bf5 48. Re2 Kf7 49. Re3 Re6 50. Kf3 h5 51. Bxe4 Rxe4 52. Rxe4 Bxe4+ 53. Ke3
Ke6 54. b4 Kf5 55. a3 b5 0-1

[Event "Mercosur Cup 4th"]
[Site "Vicente Lopez"]
[Date "2001.07.02"]
[Round "8"]
[White "Rodriguez Vila, Andres"]
[Black "Andres Mendez, Miguel"]
[Result "1/2-1/2"]
[WhiteElo "2500"]
[BlackElo "2382"]
[PlyCount "32"]
[EventDate "2001.06.23"]
[EventType "tourn"]
[EventRounds "9"]
[EventCountry "ARG"]
[EventCategory "8"]
[SourceTitle "EXT 2002"]
[Source "ChessBase"]
[SourceDate "2001.11.25"]
[SourceVersion "1"]
[SourceVersionDate "2001.11.25"]
[SourceQuality "1"]

1. e4 c5 2. Nf3 g6 3. d3 Bg7 4. g3 Nc6 5. Bg2 Nf6 6. c3 O-O 7. O-O e5 8. Nbd2
d5 9. exd5 Nxd5 10. Re1 Qc7 11. Qb3 Nde7 12. Nc4 Bf5 13. Bg5 Rad8 14. Nfd2 Rxd3
15. Ne4 b6 16. Qb5 Rdd8 1/2-1/2

[Event "Mercosur Cup 4th"]
[Site "Vicente Lopez"]
[Date "2001.07.05"]
[Round "10"]
[White "Rodriguez Vila, Andres"]
[Black "Dorin, Mauricio"]
[Result "0-1"]
[WhiteElo "2500"]
[BlackElo "2410"]
[PlyCount "90"]
[EventDate "2001.06.23"]
[EventType "tourn"]
[EventRounds "9"]
[EventCountry "ARG"]
[EventCategory "8"]
[SourceTitle "EXT 2002"]
[Source "ChessBase"]
[SourceDate "2001.11.25"]
[SourceVersion "1"]
[SourceVersionDate "2001.11.25"]
[SourceQuality "1"]

1. e4 c5 2. Nf3 e6 3. Qe2 Nc6 4. g3 d6 5. c3 Nf6 6. Bg2 Be7 7. O-O O-O 8. d4
cxd4 9. cxd4 d5 10. e5 Ne4 11. Rd1 f6 12. exf6 Bxf6 13. Nc3 Nd6 14. g4 Be7 15.
b3 Nf7 16. Bf4 Ng5 17. Nxg5 Bxg5 18. Bg3 Bf4 19. f3 Qf6 20. Qf2 Bd7 21. Ne2
Bxg3 22. Qxg3 Rac8 23. h3 g5 24. Rd2 e5 25. dxe5 Nxe5 26. Rf1 Bb5 27. Rf2 Bxe2
28. Rfxe2 Ng6 29. Re1 Nf4 30. Bf1 Rc3 31. Qf2 b6 32. Rc2 Rfc8 33. Rxc3 Rxc3 34.
Re3 Rc1 35. Re1 Qc3 36. Rxc1 Qxc1 37. Kh2 Qc3 38. Bb5 Kf7 39. h4 h6 40. h5 Ke7
41. Bf1 Kd6 42. Ba6 d4 43. Kg3 d3 44. Qe3 Qb2 45. Qf2 d2 0-1

[Event "American Continental 1st"]
[Site "Cali"]
[Date "2001.08.10"]
[Round "1"]
[White "Rodriguez Vila, Andres"]
[Black "Castillo, Dina Lisette"]
[Result "1-0"]
[WhiteElo "2504"]
[BlackElo "2075"]
[PlyCount "61"]
[EventDate "2001.08.09"]
[EventType "swiss"]
[EventRounds "11"]
[EventCountry "COL"]
[SourceTitle "CBM 083 Extra"]
[Source "ChessBase"]
[SourceDate "2001.09.11"]
[SourceVersion "1"]
[SourceVersionDate "2001.09.11"]
[SourceQuality "1"]

1. e4 c5 2. Nf3 Nc6 3. d4 cxd4 4. Nxd4 Nf6 5. Nc3 e5 6. Nde2 Bb4 7. a3 Ba5 8.
b4 Bb6 9. f3 a6 10. Bg5 Ba7 11. Qd6 Qe7 12. Qd2 d6 13. Nd5 Qd8 14. Bxf6 gxf6
15. Qh6 Be6 16. Nxf6+ Ke7 17. c3 Qb6 18. Qh4 Kf8 19. Rd1 Rd8 20. Rd3 Bc4 21.
Qh6+ Ke7 22. Nd5+ Bxd5 23. exd5 Nb8 24. Ng3 Qf2+ 25. Kd1 Qb6 26. Ne4 Kd7 27.
Qg7 Kc8 28. g3 Nd7 29. Bh3 Qc7 30. Qh6 f6 31. Qxf6 1-0

[Event "American Continental 1st"]
[Site "Cali"]
[Date "2001.08.11"]
[Round "2"]
[White "Beltran, Carlos Armando"]
[Black "Rodriguez Vila, Andres"]
[Result "1-0"]
[WhiteElo "2297"]
[BlackElo "2504"]
[PlyCount "82"]
[EventDate "2001.08.09"]
[EventType "swiss"]
[EventRounds "11"]
[EventCountry "COL"]
[SourceTitle "CBM 083 Extra"]
[Source "ChessBase"]
[SourceDate "2001.09.11"]
[SourceVersion "1"]
[SourceVersionDate "2001.09.11"]
[SourceQuality "1"]

1. d4 d6 2. Nf3 g6 3. c4 Bg7 4. Nc3 Nd7 5. g3 e5 6. Bg2 Ne7 7. O-O O-O 8. dxe5
dxe5 9. Qc2 h6 10. Rd1 f5 11. b3 Nc6 12. Bb2 Rf7 13. Nd5 Kh7 14. b4 e4 15. Nd4
Nxd4 16. Bxd4 c6 17. Bxg7 Rxg7 18. Nf4 Qe7 19. c5 a5 20. a3 Nf6 21. e3 Qf7 22.
Bf1 g5 23. Bc4 Qe8 24. Qb2 Ng4 25. Ng2 Qh5 26. h4 gxh4 27. Nxh4 Qe8 28. Rd6
axb4 29. axb4 Rxa1+ 30. Qxa1 Qe7 31. Ng2 Ne5 32. Be2 Nf7 33. Rd2 Qe5 34. Qd4
Qxd4 35. exd4 Ng5 36. d5 cxd5 37. Rxd5 Ne6 38. Kh1 Rf7 39. Bc4 Rf8 40. Re5 Ng7
41. Re7 Re8 1-0

[Event "American Continental 1st"]
[Site "Cali"]
[Date "2001.08.13"]
[Round "4"]
[White "Rodriguez Vila, Andres"]
[Black "Juarez Flores, Carlos Armando"]
[Result "1/2-1/2"]
[WhiteElo "2504"]
[BlackElo "2400"]
[PlyCount "64"]
[EventDate "2001.08.09"]
[EventType "swiss"]
[EventRounds "11"]
[EventCountry "COL"]
[SourceTitle "CBM 083 Extra"]
[Source "ChessBase"]
[SourceDate "2001.09.11"]
[SourceVersion "1"]
[SourceVersionDate "2001.09.11"]
[SourceQuality "1"]

1. e4 e6 2. Qe2 c5 3. Nf3 Nc6 4. g3 b6 5. Bg2 Bb7 6. O-O Nf6 7. d3 d5 8. e5 Nd7
9. c4 d4 10. h4 Be7 11. Re1 h6 12. h5 Qc7 13. Na3 a6 14. Nc2 O-O-O 15. a3 g5
16. hxg6 fxg6 17. b4 g5 18. Rb1 Rhf8 19. bxc5 Nxc5 20. Bb2 Nb3 21. a4 Bc5 22.
Nh2 Rf5 23. Ba3 Bxa3 24. Rxb3 Bc5 25. Qh5 Nxe5 26. Qxh6 Qf7 27. Bxb7+ Kxb7 28.
Qh3 Rxf2 29. Rxe5 Rxc2 30. Qf1 Qh7 31. Re2 Rc3 32. Reb2 a5 1/2-1/2

[Event "American Continental 1st"]
[Site "Cali"]
[Date "2001.08.14"]
[Round "5"]
[White "Hernandez, Alexander"]
[Black "Rodriguez Vila, Andres"]
[Result "1/2-1/2"]
[WhiteElo "2269"]
[BlackElo "2504"]
[PlyCount "44"]
[EventDate "2001.08.09"]
[EventType "swiss"]
[EventRounds "11"]
[EventCountry "COL"]
[SourceTitle "CBM 083 Extra"]
[Source "ChessBase"]
[SourceDate "2001.09.11"]
[SourceVersion "1"]
[SourceVersionDate "2001.09.11"]
[SourceQuality "1"]

1. e4 e6 2. d4 d5 3. Nd2 Nf6 4. e5 Nfd7 5. f4 c5 6. Ndf3 Nc6 7. Ne2 Qb6 8. c3
cxd4 9. Nexd4 a5 10. Rb1 Bc5 11. Be3 f6 12. exf6 Nxf6 13. Bd3 Bd7 14. O-O Ng4
15. Qd2 O-O-O 16. Kh1 Nxe3 17. Qxe3 h6 18. a3 a4 19. Bc2 Qa6 20. Bd3 Qb6 21.
Bc2 Qa6 22. Bd3 Qb6 1/2-1/2

[Event "American Continental 1st"]
[Site "Cali"]
[Date "2001.08.15"]
[Round "6"]
[White "Rodriguez Vila, Andres"]
[Black "Carvajal, Nolberto"]
[Result "0-1"]
[WhiteElo "2504"]
[BlackElo "2279"]
[PlyCount "74"]
[EventDate "2001.08.09"]
[EventType "swiss"]
[EventRounds "11"]
[EventCountry "COL"]
[SourceTitle "CBM 083 Extra"]
[Source "ChessBase"]
[SourceDate "2001.09.11"]
[SourceVersion "1"]
[SourceVersionDate "2001.09.11"]
[SourceQuality "1"]

1. e4 c5 2. Nc3 Nc6 3. g3 e6 4. Bg2 Nf6 5. f4 d5 6. e5 Nd7 7. Nf3 a6 8. a4 Be7
9. O-O Qc7 10. d3 b6 11. Ne2 Bb7 12. c3 O-O 13. d4 b5 14. g4 cxd4 15. cxd4 Nb4
16. Nc3 bxa4 17. f5 Rfc8 18. Ng5 Bxg5 19. Bxg5 Qc4 20. Be7 a5 21. Qd2 Re8 22.
Bd6 Qd3 23. Qf4 Nc2 24. fxe6 fxe6 25. Qf7+ Kh8 26. Qxd7 Nxa1 27. Qxb7 Qxd4+ 28.
Kh1 Nc2 29. Qf7 Qd3 30. Qf3 Qxf3 31. Rxf3 Ne1 32. Rf1 Nxg2 33. Kxg2 Rec8 34.
Rd1 Rc4 35. Kg3 a3 36. Bxa3 Rb8 37. h3 Rb3 0-1

[Event "American Continental 1st"]
[Site "Cali"]
[Date "2001.08.16"]
[Round "7"]
[White "Santa Torres, Juan"]
[Black "Rodriguez Vila, Andres"]
[Result "0-1"]
[WhiteElo "2230"]
[BlackElo "2504"]
[PlyCount "77"]
[EventDate "2001.08.09"]
[EventType "swiss"]
[EventRounds "11"]
[EventCountry "COL"]
[SourceTitle "CBM 083 Extra"]
[Source "ChessBase"]
[SourceDate "2001.09.11"]
[SourceVersion "1"]
[SourceVersionDate "2001.09.11"]
[SourceQuality "1"]

1. d4 f5 2. Nc3 d5 3. Bg5 g6 4. h4 Bg7 5. e3 c6 6. Bd3 Qb6 7. Rb1 Nd7 8. Nf3
Nh6 9. h5 Nf7 10. hxg6 hxg6 11. Rxh8+ Bxh8 12. Bf4 e5 13. dxe5 Ndxe5 14. Nxe5
Nxe5 15. Bxe5 Bxe5 16. g4 Be6 17. gxf5 gxf5 18. Na4 Qa5+ 19. c3 O-O-O 20. Qc2
Kb8 21. Bxf5 Bxf5 22. Qxf5 Bd6 23. Qf6 Kc7 24. Qd4 c5 25. b4 cxb4 26. Rxb4 Bxb4
27. Qxb4 Qxb4 28. cxb4 Kc6 29. Nc5 Rh8 30. Ke2 Rh1 31. Ne6 Kb5 32. f4 Kxb4 33.
f5 Rh6 34. Kf3 Ka3 35. Kf4 Kxa2 36. Ke5 Rh3 37. Kd4 b5 38. Nf4 Rh4 39. Ke5 0-1

[Event "American Continental 1st"]
[Site "Cali"]
[Date "2001.08.17"]
[Round "8"]
[White "Contreras Rodriguez, Henry"]
[Black "Rodriguez Vila, Andres"]
[Result "1-0"]
[WhiteElo "2263"]
[BlackElo "2504"]
[PlyCount "77"]
[EventDate "2001.08.09"]
[EventType "swiss"]
[EventRounds "11"]
[EventCountry "COL"]
[SourceTitle "CBM 083 Extra"]
[Source "ChessBase"]
[SourceDate "2001.09.11"]
[SourceVersion "1"]
[SourceVersionDate "2001.09.11"]
[SourceQuality "1"]

1. e4 e6 2. d4 d5 3. Nd2 Nf6 4. e5 Nfd7 5. Bd3 c5 6. c3 Nc6 7. Ne2 cxd4 8. cxd4
f6 9. Nf4 Qe7 10. Nf3 fxe5 11. dxe5 Ndxe5 12. Nxe5 Nxe5 13. Qh5+ Nf7 14. O-O g6
15. Qe2 Bg7 16. Bb5+ Kf8 17. Be3 Be5 18. Nd3 Bd6 19. f4 Qf6 20. Rad1 Nh6 21. g4
Qh4 22. Ne5 Rg8 23. Rf3 Nxg4 24. Bd4 Nh6 25. Rc3 Nf5 26. Qc2 Qd8 27. Bxa7 b6
28. Rc1 Kg7 29. Rc7+ Ne7 30. Bxb6 Rb8 31. Nc6 Bxc7 32. Bd4+ Kf7 33. Nxd8+ Bxd8
34. a4 Nf5 35. Be5 Bb6+ 36. Kh1 Bb7 37. Bxb8 Rxb8 38. h4 d4+ 39. Bc6 1-0

[Event "American Continental 1st"]
[Site "Cali"]
[Date "2001.08.18"]
[Round "9"]
[White "Rodriguez Vila, Andres"]
[Black "Juarez Flores, Gustavo Enrique"]
[Result "1-0"]
[WhiteElo "2504"]
[BlackElo "2236"]
[PlyCount "69"]
[EventDate "2001.08.09"]
[EventType "swiss"]
[EventRounds "11"]
[EventCountry "COL"]
[SourceTitle "CBM 083 Extra"]
[Source "ChessBase"]
[SourceDate "2001.09.11"]
[SourceVersion "1"]
[SourceVersionDate "2001.09.11"]
[SourceQuality "1"]

1. e4 c5 2. Nc3 Nc6 3. g3 g6 4. Bg2 Bg7 5. f4 e6 6. Nf3 Nge7 7. O-O O-O 8. d3
d6 9. Be3 Nd4 10. Bf2 Nec6 11. Nxd4 Nxd4 12. e5 dxe5 13. fxe5 Bxe5 14. Ne4 f5
15. Nxc5 Qd6 16. b4 Nc6 17. Rb1 Bd4 18. Qe1 a5 19. c3 Bxf2+ 20. Qxf2 axb4 21.
cxb4 b6 22. Nb3 Rb8 23. a3 e5 24. b5 Ne7 25. Rfe1 Nd5 26. Nd2 f4 27. Nc4 fxg3
28. hxg3 Qd8 29. Qb2 Bb7 30. Qxe5 Rf5 31. Qe6+ Kh8 32. Nd6 Nc7 33. Qxf5 Qxd6
34. Qe5+ Qxe5 35. Rxe5 1-0

[Event "American Continental 1st"]
[Site "Cali"]
[Date "2001.08.20"]
[Round "11"]
[White "Rodriguez Vila, Andres"]
[Black "Van Riemsdijk, Herman Claudius"]
[Result "1-0"]
[WhiteElo "2504"]
[BlackElo "2358"]
[PlyCount "63"]
[EventDate "2001.08.09"]
[EventType "swiss"]
[EventRounds "11"]
[EventCountry "COL"]
[SourceTitle "CBM 083 Extra"]
[Source "ChessBase"]
[SourceDate "2001.09.11"]
[SourceVersion "1"]
[SourceVersionDate "2001.09.11"]
[SourceQuality "1"]

1. e4 e5 2. Nf3 Nc6 3. Bc4 Nf6 4. d3 Bc5 5. c3 d6 6. Nbd2 a6 7. Bb3 Ba7 8. h3
Ne7 9. Nf1 Ng6 10. Ng3 O-O 11. O-O h6 12. Re1 c6 13. d4 Qc7 14. Be3 exd4 15.
Nxd4 Re8 16. Ndf5 Bxe3 17. Rxe3 Bxf5 18. Nxf5 Rad8 19. Qf3 Kh7 20. Rd1 Re5 21.
h4 h5 22. g3 Ne7 23. Bxf7 Rf8 24. Nxd6 Ng4 25. Re2 Nc8 26. Bg6+ Kg8 27. Nf5 Re6
28. Bxh5 Ne5 29. Qe3 g6 30. f4 Nc4 31. Qd3 N4b6 32. Nd4 1-0

[Event "Mar del Plata zt 2.5"]
[Site "Mar del Plata"]
[Date "2001.08.25"]
[Round "2"]
[White "Rodriguez Vila, Andres"]
[Black "Roselli Mailhe, Bernardo"]
[Result "1/2-1/2"]
[WhiteElo "2504"]
[BlackElo "2428"]
[PlyCount "123"]
[EventDate "2001.08.25"]
[EventType "tourn"]
[EventRounds "10"]
[EventCountry "ARG"]
[EventCategory "6"]
[SourceTitle "EXT 2002"]
[Source "ChessBase"]
[SourceDate "2001.11.25"]
[SourceVersion "1"]
[SourceVersionDate "2001.11.25"]
[SourceQuality "1"]

1. e4 e5 2. Nf3 Nc6 3. Bc4 Nf6 4. d3 Bc5 5. c3 a6 6. h3 Ba7 7. Nbd2 O-O 8. O-O
d5 9. exd5 Nxd5 10. Ne4 Bf5 11. Re1 Re8 12. Bg5 Qd7 13. Qd2 Be6 14. Rad1 f6 15.
Bh4 Rad8 16. Qc1 Rf8 17. d4 exd4 18. cxd4 Bf7 19. Bg3 Qc8 20. Bxa6 Ndb4 21. Bc4
Nxd4 22. Nxd4 Bxd4 23. Bd6 cxd6 24. Bxf7+ Rxf7 25. Rxd4 Nc2 26. Nxd6 Qc6 27.
Rc4 Qxd6 28. Rxc2 h6 29. Rce2 Rc7 30. Qb1 Qd5 31. Qg6 Rf8 32. Re8 Rcf7 33. a4
Qd4 34. Qc2 Qd7 35. R8e3 Kh8 36. b4 Qd6 37. b5 Rc7 38. Qg6 Qb4 39. Re8 Rc8 40.
R8e7 Rg8 41. Qe4 Rc4 42. Qxb7 Qxa4 43. b6 Qb5 44. R7e6 Rb4 45. Qc7 Rb2 46. Qg3
Qc5 47. Qe3 Qxe3 48. R1xe3 Kh7 49. Rg3 Kh8 50. h4 Rb4 51. h5 Rb5 52. Rc3 Rb8
53. Rcc6 Rxh5 54. Re7 Rb5 55. Rcc7 R8xb6 56. Rxg7 Rf5 57. Rh7+ Kg8 58. Rhg7+
Kh8 59. Rh7+ Kg8 60. Rcg7+ Kf8 61. Rf7+ Kg8 62. Rfg7+ 1/2-1/2

[Event "Mar del Plata zt 2.5"]
[Site "Mar del Plata"]
[Date "2001.08.25"]
[Round "3"]
[White "Pierrot, Juan Facundo"]
[Black "Rodriguez Vila, Andres"]
[Result "1/2-1/2"]
[WhiteElo "2425"]
[BlackElo "2504"]
[PlyCount "40"]
[EventDate "2001.08.25"]
[EventType "tourn"]
[EventRounds "10"]
[EventCountry "ARG"]
[EventCategory "6"]
[SourceTitle "EXT 2002"]
[Source "ChessBase"]
[SourceDate "2001.11.25"]
[SourceVersion "1"]
[SourceVersionDate "2001.11.25"]
[SourceQuality "1"]

1. e4 c5 2. Nf3 Nc6 3. c3 e6 4. d4 d5 5. exd5 exd5 6. Bb5 Bd6 7. O-O Nge7 8.
dxc5 Bxc5 9. Nbd2 O-O 10. Nb3 Bb6 11. Re1 Bg4 12. Be3 Bxe3 13. Rxe3 Nf5 14. Re1
Qb6 15. Bd3 Nh4 16. Be2 Bxf3 17. Bxf3 Nxf3+ 18. Qxf3 Rad8 19. Rad1 Qa6 20. Nc1
d4 1/2-1/2

[Event "Mar del Plata zt 2.5"]
[Site "Mar del Plata"]
[Date "2001.08.25"]
[Round "4"]
[White "Rodriguez Vila, Andres"]
[Black "Fiorito, Fabian"]
[Result "0-1"]
[WhiteElo "2504"]
[BlackElo "2386"]
[PlyCount "156"]
[EventDate "2001.08.25"]
[EventType "tourn"]
[EventRounds "10"]
[EventCountry "ARG"]
[EventCategory "6"]
[SourceTitle "EXT 2002"]
[Source "ChessBase"]
[SourceDate "2001.11.25"]
[SourceVersion "1"]
[SourceVersionDate "2001.11.25"]
[SourceQuality "1"]

1. e4 e5 2. Bc4 Nf6 3. d3 c6 4. Nf3 Be7 5. Nc3 d6 6. a4 O-O 7. Ba2 Nbd7 8. O-O
b6 9. b4 Bb7 10. b5 a6 11. bxc6 Bxc6 12. Re1 Qc7 13. d4 Bb7 14. Bb2 Rac8 15.
Qe2 h6 16. Rab1 Rfe8 17. d5 Rb8 18. Nd2 Bc8 19. Nc4 Bf8 20. Ba3 Nc5 21. Bxc5
dxc5 22. Rb3 Bd7 23. Reb1 b5 24. axb5 axb5 25. Nxb5 Bxb5 26. Rxb5 Rxb5 27. Rxb5
Rb8 28. Rxb8 Qxb8 29. g3 Ne8 30. Qh5 Bd6 31. Kg2 Kf8 32. Nxe5 Bxe5 33. d6 Nxd6
34. Qxe5 Qc7 35. Qd5 Nc8 36. Qf5 Nb6 37. c3 c4 38. Qb5 g6 39. f3 h5 40. h4 Kg7
41. f4 Kh7 42. f5 Kg7 43. fxg6 fxg6 44. e5 Qb7+ 45. Kh2 Qa7 46. Bb1 Nd7 47. Kg2
Qc7 48. e6 Ne5 49. Qe8 Kf6 50. Qg8 Qd6 51. Bxg6 Qd5+ 52. Kf1 Qf3+ 53. Ke1 Qxg3+
54. Kd1 Qxg6 55. Qd8+ Kxe6 56. Qc8+ Kd6 57. Qa6+ Nc6 58. Qb5 Qg1+ 59. Kc2 Qf2+
60. Kd1 Qf1+ 61. Kd2 Qf2+ 62. Kc1 Qxh4 63. Qa6 Kc5 64. Qa4 Kd6 65. Qa2 Qg4 66.
Qa1 Kd5 67. Kb2 h4 68. Ka3 h3 69. Qh1+ Kd6 70. Qh2+ Kd7 71. Qd2+ Ke6 72. Qe3+
Kd6 73. Qd2+ Kc7 74. Qc2 Qg3 75. Ka2 Kb7 76. Ka3 Qe5 77. Ka2 h2 78. Qb1+ Kc7
0-1

[Event "Mar del Plata zt 2.5"]
[Site "Mar del Plata"]
[Date "2001.08.25"]
[Round "5"]
[White "Bauza, Alejandro"]
[Black "Rodriguez Vila, Andres"]
[Result "0-1"]
[WhiteElo "2290"]
[BlackElo "2504"]
[PlyCount "110"]
[EventDate "2001.08.25"]
[EventType "tourn"]
[EventRounds "10"]
[EventCountry "ARG"]
[EventCategory "6"]
[SourceTitle "EXT 2002"]
[Source "ChessBase"]
[SourceDate "2001.11.25"]
[SourceVersion "1"]
[SourceVersionDate "2001.11.25"]
[SourceQuality "1"]

1. e4 e6 2. d4 d5 3. e5 c5 4. c3 Bd7 5. Bd3 Qb6 6. dxc5 Bxc5 7. Qe2 a5 8. Nf3
a4 9. O-O Ne7 10. Na3 Nbc6 11. Nc2 Rc8 12. Be3 Bxe3 13. Nxe3 Ng6 14. Bxg6 hxg6
15. Rfd1 Rh5 16. Ng4 Na5 17. Nd4 a3 18. b4 Nc4 19. Rd3 Bb5 20. Qe1 Nb2 21. Re3
Bd3 22. f4 g5 23. Nf2 Bg6 24. g4 Rh4 25. f5 Bh7 26. fxe6 fxe6 27. Nf3 Nc4 28.
Re2 Rxg4+ 29. Kh1 Be4 30. Nxe4 dxe4 31. Rxe4 Qc6 32. Rxg4 Qxf3+ 33. Rg2 Ne3 34.
Qe2 Qxg2+ 35. Qxg2 Nxg2 36. Kxg2 Rxc3 37. Kf2 Kf7 38. Rd1 Rc2+ 39. Kg3 Rxa2 40.
Rd7+ Kg6 41. Rxb7 Rb2 42. Ra7 a2 43. h3 Kf5 44. Ra5 Ke4 45. Kg4 Rg2+ 46. Kh5
Kf5 47. Ra8 Rg3 48. Rf8+ Ke4 49. Ra8 Kf5 50. Rf8+ Ke4 51. Ra8 Rxh3+ 52. Kxg5
Rg3+ 53. Kh4 Rg2 54. b5 Kd5 55. Kh3 Rb2 0-1

[Event "Mar del Plata zt 2.5"]
[Site "Mar del Plata"]
[Date "2001.08.25"]
[Round "7"]
[White "Rodriguez Vila, Andres"]
[Black "Felgaer, Ruben Alejandro"]
[Result "1/2-1/2"]
[WhiteElo "2504"]
[BlackElo "2471"]
[PlyCount "57"]
[EventDate "2001.08.25"]
[EventType "tourn"]
[EventRounds "10"]
[EventCountry "ARG"]
[EventCategory "6"]
[SourceTitle "EXT 2002"]
[Source "ChessBase"]
[SourceDate "2001.11.25"]
[SourceVersion "1"]
[SourceVersionDate "2001.11.25"]
[SourceQuality "1"]

1. e4 c5 2. Nc3 Nc6 3. g3 g6 4. Bg2 Bg7 5. f4 d6 6. d3 e6 7. Nf3 Nge7 8. Be3
Nd4 9. O-O O-O 10. Bf2 Nxf3+ 11. Bxf3 Nc6 12. Bg2 b6 13. f5 Bb7 14. Qd2 Nd4 15.
Nd1 exf5 16. c3 Ne6 17. exf5 Bxg2 18. Kxg2 gxf5 19. Be3 Qf6 20. Rf3 Qg6 21. Qf2
f4 22. Bxf4 Nxf4+ 23. Rxf4 Qxd3 24. Ne3 Rae8 25. Re1 Re6 26. Nf5 Rfe8 27. Rg4
Rxe1 28. Nh6+ Kh8 29. Nxf7+ 1/2-1/2

[Event "Mar del Plata zt 2.5"]
[Site "Mar del Plata"]
[Date "2001.08.25"]
[Round "8"]
[White "Rosito, Jorge"]
[Black "Rodriguez Vila, Andres"]
[Result "1-0"]
[WhiteElo "2400"]
[BlackElo "2504"]
[PlyCount "125"]
[EventDate "2001.08.25"]
[EventType "tourn"]
[EventRounds "10"]
[EventCountry "ARG"]
[EventCategory "6"]
[SourceTitle "EXT 2002"]
[Source "ChessBase"]
[SourceDate "2001.11.25"]
[SourceVersion "1"]
[SourceVersionDate "2001.11.25"]
[SourceQuality "1"]

1. e4 e6 2. d3 d5 3. Qe2 Nf6 4. Nf3 b6 5. e5 Nfd7 6. g3 c5 7. Bg2 Nc6 8. O-O
Qc7 9. Re1 Bb7 10. c4 d4 11. Bf4 h6 12. h4 g6 13. Nbd2 Bg7 14. Ne4 Ncxe5 15.
Nxe5 Nxe5 16. Nd6+ Qxd6 17. Bxb7 Rb8 18. Bg2 f6 19. Bxe5 fxe5 20. Qg4 O-O 21.
Be4 Rf6 22. Bxg6 Kh8 23. Re2 Rbf8 24. Rae1 Qc7 25. Rb1 Qd7 26. b4 cxb4 27. Rxb4
Qd6 28. Rb5 Qa3 29. Kg2 Qc1 30. Qe4 Rf3 31. Bh5 R3f5 32. Bg4 R5f7 33. Bxe6 Re7
34. Bg4 Bf6 35. Rd5 Rg7 36. Rd7 Qa3 37. Rxg7 Bxg7 38. Bf3 Qd6 39. Rb2 Qe7 40.
Rb5 Rc8 41. Qg4 Rc5 42. Rb2 Rc7 43. Bd5 Qd6 44. Qe4 Rc8 45. Re2 Rf8 46. Rc2 Rc8
47. Qg4 Rf8 48. Be4 Rf7 49. Rb2 Qf6 50. c5 bxc5 51. Qc8+ Bf8 52. Bd5 Qf5 53.
Qa8 Rc7 54. Rb8 Kg7 55. Be4 Qf6 56. Rc8 Rf7 57. f3 Qb6 58. Rc6 Qb2+ 59. Kh3 Qc1
60. Rg6+ Kh8 61. Qe8 Qh1+ 62. Kg4 h5+ 63. Kxh5 1-0

[Event "Mar del Plata zt 2.5"]
[Site "Mar del Plata"]
[Date "2001.08.25"]
[Round "9"]
[White "Rodriguez Vila, Andres"]
[Black "Kanefsck, Gustavo"]
[Result "0-1"]
[WhiteElo "2504"]
[BlackElo "2396"]
[PlyCount "80"]
[EventDate "2001.08.25"]
[EventType "tourn"]
[EventRounds "10"]
[EventCountry "ARG"]
[EventCategory "6"]
[SourceTitle "EXT 2002"]
[Source "ChessBase"]
[SourceDate "2001.11.25"]
[SourceVersion "1"]
[SourceVersionDate "2001.11.25"]
[SourceQuality "1"]

1. e4 c6 2. d4 d5 3. e5 Bf5 4. Nc3 Qb6 5. g4 Bd7 6. Bg2 e6 7. Nge2 c5 8. O-O
cxd4 9. Nxd4 Nc6 10. Be3 Nxd4 11. Bxd4 Bc5 12. Nxd5 exd5 13. e6 Bxd4 14. exd7+
Kf8 15. c3 Bc5 16. b4 Be7 17. g5 Qd6 18. Qg4 h6 19. g6 Nf6 20. Qf5 Rd8 21. gxf7
Qxd7 22. Qg6 Qg4 23. Qd3 Kxf7 24. Rae1 Rhe8 25. h3 Qf4 26. Re3 Qc4 27. Qf5 Bd6
28. Rd1 Kg8 29. Rxe8+ Rxe8 30. Bxd5+ Nxd5 31. Qxd5+ Qxd5 32. Rxd5 Re6 33. a4
Kf8 34. Rb5 b6 35. a5 Bc7 36. axb6 axb6 37. c4 Ke7 38. c5 Re5 39. f4 Rd5 40.
Kf2 Kd7 0-1